Quick Pick: 'H' World Landmarks Quiz Stats

 Plays Quiz Updated Oct 2, 2017

Challenge
Share
Tweet
Embed
Score 0/12 Timer 01:00
5 Plays Today
% Correct
Japan
95.7%
United States
94.4%
Canada
90.2%
Iceland
85.1%
Germany
82.9%
Vietnam
77.8%
United Kingdom
77%
Turkey
74.3%
Austria
65.4%
Singapore
55.2%
Iraq
55.1%
Morocco
44.6%

Today's Daily Dose

Word Ladder
Homophones Ate

Quick Pick
RGB Colors

On This Day
August 18th II

You're not logged in!

Compare scores with friends on all Sporcle quizzes.
Join for Free
OR
Log In

You Might Also Like...

Show Comments

Extras

Top Quizzes Today


Score Distribution

Your Account Isn't Verified!

In order to create a playlist on Sporcle, you need to verify the email address you used during registration. Go to your Sporcle Settings to finish the process.

Report this User

Report this user for behavior that violates our Community Guidelines.

Details: